| 000 | 00390cam a2200169ua 4500 | ||
|---|---|---|---|
| 020 | _c3.00 | ||
| 041 |
_amal _h |
||
| 082 |
_a894.8124 _bEDA/IT |
||
| 100 | _aEdassery, . | ||
| 245 |
_aIthu, oru kavi / _cEdassery. _hTextual Documents |
||
| 260 |
_aThrissur : _bCurrent Books , _c1966. |
||
| 300 | _a222 ; . | ||
| 365 | _a3.00 | ||
| 504 | _a | ||
| 942 | _cBK | ||
| 999 |
_c5819 _d5819 |
||